It luck - Statistics

General Stats
  • This quiz has been taken 32 times
  • The average score is 2 of 13
Answers on the Grid
Answers color-coded by a green-red scale on the quiz's grid according to % correct below.
?
?
?
?
?
?
?
?
?
?
?
?
?
?
?
?
?
?
?
?
?
?
?
?
?
?
?
?
?
?
 
Answer Stats
Answer % Correct
?
38%
?
31%
?
31%
?
23%
?
23%
?
15%
?
15%
?
15%
?
15%
?
8%
?
0%
?
0%
?
0%
No matching quizzes found
Score Distribution
Percent of People with Each Score
Percentile by Number Answered
Your Score History
You have not taken this quiz